|
|
|
|
| LEADER |
00000nab a2200000 a 4500 |
| 001 |
vtls000602593 |
| 003 |
SK-MaSNL |
| 005 |
20260304091434.0 |
| 008 |
250425c1996 xo 0 slo |
| 015 |
|
|
|a SNBRB19rr/mm-uuuuu
|
| 035 |
|
|
|a CL0602732
|
| 035 |
|
|
|a urn:nbn:sk:snk-ab74dy
|
| 035 |
|
|
|a (uuid)b88e661a-ea47-45c8-91b1-889e5ff9d6cb
|
| 035 |
|
|
|a (urnnbn)urn:nbn:sk:snk:ar-a06t6z
|
| 035 |
|
|
|a (sysno)vtls000602593
|
| 040 |
|
|
|a SNKBUCL
|b slo
|c SNKBUCL
|e AACR2
|
| 041 |
0 |
|
|a slo
|
| 044 |
|
|
|a xo
|c SK
|
| 080 |
|
|
|a 347.232.4:347.235
|2 1981
|
| 080 |
|
|
|a 347.235
|2 1981
|
| 245 |
0 |
0 |
|a Vydržanie pozemku
|
| 500 |
|
|
|a Kolektív autorov: Eva Babiaková, Peter Dukes, Jaroslav Krajčo, Milan Ľalík, Štefan Minárik
|
| 650 |
0 |
7 |
|a vlastnícke právo
|2 snkbucl
|9 2249
|
| 650 |
0 |
7 |
|a vydržanie vlastníckeho práva
|2 snkbucl
|9 1383812
|
| 655 |
|
7 |
|a články z novín a časopisov
|2 snkbucl
|9 267496
|
| 773 |
0 |
|
|t Zo súdnej praxe
|g Č. 5 (1996), s. 98-100
|x 1335-177X
|
| 850 |
|
|
|a Slovenská národná knižnica
|
| 852 |
|
|
|a Slovenská národná knižnica
|
| 954 |
|
|
|a odborná, vedecká literatúra pôvodná (slovenská)
|2 lita
|
| 958 |
|
|
|a article27
|
| 958 |
|
|
|a SK
|
| 958 |
|
|
|a RK
|
| 958 |
|
|
|a OND
|
| 958 |
|
|
|a EUIPO
|
| 992 |
|
|
|a RBX
|
| 999 |
|
|
|c 2815387
|d 2817317
|